| 000 | 00578nam a2200229Ia 4500 | ||
|---|---|---|---|
| 003 | OSt | ||
| 005 | 20230615153310.0 | ||
| 008 | 210423s2018 xx 000 0 und d | ||
| 020 | _a9780199489084 | ||
| 040 | _cAL | ||
| 041 | _aeng | ||
| 082 |
_a664 _223 _bRODF |
||
| 100 |
_aRODAY (Sunetra) _993295 |
||
| 245 | _aFood science and nutrition Ed 3 | ||
| 250 | _a3 | ||
| 260 |
_aNew Delhi _bOxford University Press _c2018 |
||
| 300 |
_aviii, 441 _bPB |
||
| 365 |
_b565 _cINR |
||
| 650 |
_aFood Technology _993296 |
||
| 906 | _aFood ; Nutrition ; Science | ||
| 942 |
_2ddc _cBK |
||
| 999 |
_c170242 _d170242 |
||